000 00356nam a2200157Ia 4500
005 20250425160809.0
008 250425s9999 xx 000 0 und d
041 _aeng
082 _a001.6424
245 0 _aAN INDIVIDUAL LEARNIG COURSE IN CP/M
250 _aS.E.
260 _aS.L.
260 _aSin Pais
_bS.E.
_c1981
942 _c01
010 _a5442
999 _c196331
_d196331